000 00754nam a2200217 u 4500
001 000007031
005 20250221192641.0
008 100809s2001 gw b r 001 0 spa d
040 _aDO-SdBNP
_bspa
_cBNPHU
082 _a928.97293
_bM843M
100 1 _aMoreno García, Bárbara,
_d1964-
_919533
245 1 0 _aEl Recorrido poético de Domingo Moreno Jimenes /
_cBárbara Moreno García.
260 _aAlemania :
_bDatadruck,
_c2001.
300 _a402 p. :
_bmap. ;
_c22 cm.
500 _aIncluye datos biográficos del autor
500 _aIncluye notas al pie de las páginas
504 _aBibliografía: p. 396-401
600 1 4 _aMORENO JIMENES, DOMINGO,
_d1894 - 1986
_919534
650 4 _aMovimiento literario
_919535
650 0 _aPoesía dominicana
_966
999 _c6815
_d6815